000 00292nam a22001337a 4500
008 170213b xxu||||| |||| 00| 0 eng d
020 _a9780130488404
041 _aeng
080 _a61
100 _a4
101 _aSHM
245 _aUNL;CKING MEDICAL TERMINOLOGY
_cWINGERD
942 _2udc
_cBK
999 _c5206
_d5206